00456nam a2200181Ia 450000500170000000800410001704000190005804100120007708200130008910000140010224500550011626000280017130000100019950400190020965000200022870000160024885000100026420240415101712.0131103s9999 xx 000 0 und d aLoreto College aEnglish a425bJUP aJupp, T.C aEnglish sentence structurecT.C.Jupp & John Miline aLondonbHeinemannc1968 a271p  aInclides index aEnglish grammar aMilne, John aLCBED